| 000 | 00486nam a2200205Ia 4500 | ||
|---|---|---|---|
| 008 | 170918s9999 xx 000 0 und d | ||
| 020 | _a9780375868917 | ||
| 050 | _bO588 2011 | ||
| 100 | _aOnge, Caissie St. | ||
| 245 | _aJane Jones : | ||
| 245 | _bworst vampire ever / | ||
| 245 | _cby Caissie St. Onge. | ||
| 250 | _a1st Ember ed. | ||
| 260 | _aNew York : | ||
| 260 | _bEmber, | ||
| 260 | _c2011 | ||
| 300 | _a230 pages : | ||
| 300 | _billustrations ; | ||
| 300 | _c20cm. | ||
| 999 |
_c343536 _d343536 |
||